000
00267nam a2200109Ia 4500
008
200302s9999 xx 000 0 und d
100
_a
M. Richards
245
_a
An Architectural Journey in Japan
260
_b
The Architectural Press
260
_c
1963
300
_a
192 P.,
999
_c
252
_d
252